[Event "3. Copenhagen Open Politiken Cup"]
[Site "Brndby"]
[Date "1981.??.??"]
[Round "4"]
[White "Kirov, Nino"]
[Black "Kovacs, Laszlo"]
[Result "1-0"]
[WhiteElo "2475"]
[BlackElo "2315"]
[PlyCount "116"]
[EventDate "1981.??.??"]
[EventType "swiss"]
[EventRounds "10"]
[EventCountry "DEN"]
[SourceDate "2004.01.01"]

1. Nf3 Nf6 2. g3 d5 3. Bg2 c6 4. c4 Bf5 5. cxd5 cxd5 6. Qb3 Qc8 7. Nc3 e6 8. d3
Be7 9. O-O O-O 10. Bf4 Nc6 11. Rac1 Qd7 12. Ne5 Nxe5 13. Bxe5 Rfc8 14. e4 Bg6
15. exd5 exd5 16. Nxd5 Nxd5 17. Qxd5 Qxd5 18. Bxd5 Bxd3 19. Bxb7 Rxc1 20. Rxc1
Rd8 21. Rc7 Bb4 22. a3 Ba5 23. Rc5 Bb6 24. Rc8 Rxc8 25. Bxc8 a5 26. Bd7 f6 27.
Bd6 Kf7 28. b4 Ba6 29. bxa5 Bxa5 30. Bc5 h5 31. f4 g5 32. Kf2 Bc7 33. Be3 Ke7
34. Bc6 g4 35. a4 Bc8 36. Bc5+ Ke6 37. Ke3 f5 38. Kd4 h4 39. Bd5+ Kf6 40. Kc4
Ba6+ 41. Kb4 h3 42. a5 Kg6 43. Bb6 Bd6+ 44. Kc3 Kf6 45. Bc4 Bb7 46. a6 Bc6 47.
a7 Ke7 48. Be3 Ba3 49. Bb5 Ba8 50. Kc4 Ke6 51. Ba6 Kd7 52. Kd4 Kd6 53. Bc8 Bc5+
54. Kd3 Be4+ 55. Kd2 Bb4+ 56. Ke2 Kc7 57. Bxf5 Bf3+ 58. Kd3 Kb7 1-0

[Event "3. Copenhagen Open Politiken Cup"]
[Site "Brndby"]
[Date "1981.??.??"]
[Round "4"]
[White "Kristiansen, Tor"]
[Black "Sjoberg, Mats"]
[Result "0-1"]
[WhiteElo "2250"]
[BlackElo "2230"]
[PlyCount "62"]
[EventDate "1981.??.??"]
[EventType "swiss"]
[EventRounds "10"]
[EventCountry "DEN"]
[SourceDate "2004.01.01"]

1. c4 c5 2. g3 g6 3. Bg2 Bg7 4. Nc3 Nc6 5. Nf3 Nh6 6. h4 d6 7. d3 Bg4 8. Bg5
Qd7 9. Qd2 Bxf3 10. Bxf3 Nf5 11. Qd1 h6 12. Bd2 a6 13. Bg2 b5 14. Nxb5 Rb8 15.
Nc3 Rxb2 16. Rb1 Rxb1 17. Nxb1 O-O 18. Qa4 Nb8 19. Qxd7 Nxd7 20. Bc3 Rb8 21.
Kd2 Ne5 22. Bh3 Nc6 23. Bxf5 gxf5 24. Bxg7 Kxg7 25. Nc3 Kg6 26. h5+ Kg7 27. Ke3
Rb2 28. Rb1 Rc2 29. Rb3 Nd4 30. Ra3 f4+ 31. Kxf4 Rxc3 0-1

[Event "3. Copenhagen Open Politiken Cup"]
[Site "Brndby"]
[Date "1981.??.??"]
[Round "4"]
[White "McCambridge, Vincent"]
[Black "Jansa, Vlastimil"]
[Result "0-1"]
[WhiteElo "2335"]
[BlackElo "2460"]
[PlyCount "148"]
[EventDate "1981.??.??"]
[EventType "swiss"]
[EventRounds "10"]
[EventCountry "DEN"]
[SourceDate "2004.01.01"]

1. d4 Nf6 2. c4 g6 3. Nc3 d5 4. Nf3 Bg7 5. Qb3 dxc4 6. Qxc4 O-O 7. e4 Bg4 8.
Be3 Nfd7 9. Rd1 Nb6 10. Qb3 e6 11. Be2 Nc6 12. Nd2 Bxe2 13. Nxe2 Qe7 14. O-O
Rfd8 15. e5 h6 16. Nc4 Qb4 17. Qc2 Nd5 18. a3 Qb5 19. Rd3 Nce7 20. Qd2 Nf5 21.
g4 Nfxe3 22. fxe3 Qc6 23. Ng3 b6 24. h4 Qb5 25. h5 g5 26. Ne2 Rd7 27. Qc2 c5
28. Nd6 Qa6 29. Rf3 Rf8 30. Rd1 Rc7 31. Qd2 cxd4 32. exd4 Qa4 33. b3 Qd7 34.
Rdf1 Qc6 35. Nc4 b5 36. Nd6 Qc2 37. Qxc2 Rxc2 38. R1f2 a6 39. Ng3 Rxf2 40. Kxf2
f6 41. Nde4 fxe5 42. dxe5 Bxe5 43. Rxf8+ Kxf8 44. Ne2 Ke7 45. Kf3 a5 46. a4
bxa4 47. bxa4 Nb6 48. Nc5 Bd6 49. Nb7 Bb4 50. Nd4 Nc4 51. Ke4 Kd7 52. Nb3 Kc7
53. Kd4 Kxb7 54. Kxc4 Kc6 55. Nd4+ Kd6 56. Nf3 Ba3 57. Kb5 e5 58. Kxa5 e4 59.
Ne1 e3 60. Kb5 Kd5 61. a5 Bc5 62. a6 e2 63. Nc2 Bf2 64. Ne1 Ba7 65. Nc2 Bg1 66.
Ne1 Bf2 67. Nc2 Ba7 68. Ne1 Kd4 69. Kc6 Ke4 70. Kb5 Kd4 71. Kc6 Ke4 72. Kb5 Ke3
73. Kc4 Kf2 74. Nd3+ Kf1 0-1

[Event "3. Copenhagen Open Politiken Cup"]
[Site "Brndby"]
[Date "1981.??.??"]
[Round "4"]
[White "Moe, Mogens"]
[Black "From, Sigfred"]
[Result "1-0"]
[WhiteElo "2350"]
[BlackElo "2225"]
[PlyCount "63"]
[EventDate "1981.??.??"]
[EventType "swiss"]
[EventRounds "10"]
[EventCountry "DEN"]
[SourceDate "2004.01.01"]

1. e4 c5 2. Nf3 e6 3. d4 cxd4 4. Nxd4 Nf6 5. Nc3 d6 6. Bc4 Nc6 7. Be3 Be7 8.
Qe2 O-O 9. O-O-O Bd7 10. Rhg1 Nxd4 11. Bxd4 Qa5 12. g4 Rfc8 13. Bb3 b5 14. e5
Ne8 15. exd6 Nxd6 16. Qe5 Bf8 17. Qh5 h6 18. g5 b4 19. Nd5 exd5 20. gxh6 Nf5
21. hxg7 Bxg7 22. Rxg7+ Nxg7 23. Qg5 Kf8 24. Bxg7+ Ke8 25. Bxd5 Qc5 26. Qd2 Bf5
27. Bb3 Rc7 28. Bf6 Bd7 29. Re1+ Be6 30. Ba4+ Rc6 31. Rd1 Bd5 32. Qxd5 1-0

[Event "3. Copenhagen Open Politiken Cup"]
[Site "Brndby"]
[Date "1981.??.??"]
[Round "4"]
[White "Mortensen, Erling"]
[Black "Brondum, Eric"]
[Result "1-0"]
[WhiteElo "2375"]
[BlackElo "2460"]
[PlyCount "69"]
[EventDate "1981.??.??"]
[EventType "swiss"]
[EventRounds "10"]
[EventCountry "DEN"]
[SourceDate "2004.01.01"]

1. e4 c5 2. Nf3 Nf6 3. Nc3 d6 4. d4 cxd4 5. Nxd4 a6 6. Be2 e5 7. Nb3 Be7 8. O-O
O-O 9. a4 Be6 10. f4 Qc7 11. Kh1 Nbd7 12. f5 Bc4 13. a5 Rac8 14. Bxc4 Qxc4 15.
Ra4 Qc6 16. Qf3 h6 17. Be3 Rfe8 18. Nd2 Qc7 19. Nc4 Qb8 20. Rd1 Bf8 21. b3 Rc6
22. g4 Be7 23. h4 Nh7 24. Qg3 Qd8 25. Bf2 Nhf6 26. Raa1 h5 27. g5 Ng4 28. Bg1
Nc5 29. Bxc5 Rxc5 30. Nd5 Bf8 31. Rd2 Rc6 32. Nce3 Nxe3 33. Qxe3 Be7 34. Qf3 g6
35. Rf2 1-0

[Event "3. Copenhagen Open Politiken Cup"]
[Site "Brndby"]
[Date "1981.??.??"]
[Round "4"]
[White "Petursson, Margeir"]
[Black "Hansen, Curt"]
[Result "1-0"]
[WhiteElo "2445"]
[BlackElo "2330"]
[PlyCount "131"]
[EventDate "1981.??.??"]
[EventType "swiss"]
[EventRounds "10"]
[EventCountry "DEN"]
[SourceDate "2004.01.01"]

1. d4 Nf6 2. c4 e6 3. g3 d5 4. Bg2 dxc4 5. Nf3 Bb4+ 6. Nbd2 c3 7. bxc3 Bxc3 8.
Rb1 O-O 9. O-O Bxd2 10. Qxd2 Nbd7 11. Qc2 Nb6 12. e4 h6 13. Bf4 Bd7 14. Bxc7
Rc8 15. Bxd8 Rxc2 16. Bxb6 axb6 17. Ne5 Rxa2 18. Rxb6 Rd2 19. Nxd7 Nxd7 20. Rd6
Nf6 21. e5 Nd5 22. Bxd5 exd5 23. Rxd5 Rc8 24. Rd7 b5 25. Ra1 b4 26. e6 fxe6 27.
Raa7 b3 28. Rxg7+ Kh8 29. Rh7+ Kg8 30. Rag7+ Kf8 31. Rb7 Kg8 32. Rhe7 b2 33.
Kg2 h5 34. h4 Kh8 35. Rh7+ Kg8 36. Rxh5 Rf8 37. Rg5+ Kh8 38. Rh5+ Kg8 39. Rg5+
Kh8 40. Rc5 Rdxf2+ 41. Kh3 R8f7 42. Rcb5 Rxb7 43. Rxb7 Rd2 44. h5 Rxd4 45. Rxb2
Kg7 46. g4 Kf6 47. Kh4 Rc4 48. Rf2+ Kg7 49. Kg3 Rc5 50. Rf4 Rc1 51. Kh4 Re1 52.
Ra4 Kf6 53. Rf4+ Kg7 54. Rf3 Re2 55. Kg5 Re5+ 56. Kf4 Kf6 57. Rg3 Rg5 58. Rg1
Ra5 59. g5+ Kg7 60. Rd1 Ra4+ 61. Kf3 Rh4 62. Rd7+ Kg8 63. h6 Rh1 64. Kf4 Rf1+
65. Kg4 Rh1 66. Re7 1-0

[Event "3. Copenhagen Open Politiken Cup"]
[Site "Brndby"]
[Date "1981.??.??"]
[Round "4"]
[White "Plaskett, Jim"]
[Black "Anbuhl, Edgar"]
[Result "1-0"]
[WhiteElo "2405"]
[BlackElo "2230"]
[PlyCount "61"]
[EventDate "1981.??.??"]
[EventType "swiss"]
[EventRounds "10"]
[EventCountry "DEN"]
[SourceDate "2004.01.01"]

1. d4 Nf6 2. Nf3 c5 3. c3 b6 4. dxc5 bxc5 5. e4 Bb7 6. e5 Nd5 7. Bd3 e6 8. O-O
Be7 9. Qe2 f5 10. exf6 Nxf6 11. Nbd2 Qc7 12. Nc4 O-O 13. Bd2 Nc6 14. Ng5 Rae8
15. Rae1 Na5 16. Ne5 c4 17. Nxc4 Nxc4 18. Bxc4 Bd6 19. f4 Nd5 20. f5 h6 21.
fxe6 hxg5 22. Rxf8+ Rxf8 23. e7 Re8 24. Bxg5 Bxh2+ 25. Kh1 Qg3 26. Qd2 Kh8 27.
Re4 Nxe7 28. Rh4+ Qxh4 29. Bxh4 Nf5 30. Kxh2 Nxh4 31. Qxd7 1-0

[Event "3. Copenhagen Open Politiken Cup"]
[Site "Brndby"]
[Date "1981.??.??"]
[Round "4"]
[White "Pokojowczyk, Jerzy"]
[Black "Budde, Vladimir"]
[Result "1-0"]
[WhiteElo "2390"]
[BlackElo "2285"]
[PlyCount "135"]
[EventDate "1981.??.??"]
[EventType "swiss"]
[EventRounds "10"]
[EventCountry "DEN"]
[SourceDate "2004.01.01"]

1. e4 c5 2. Nf3 e6 3. d4 cxd4 4. Nxd4 Nf6 5. Nc3 d6 6. g4 h6 7. h4 a6 8. Rg1
Nfd7 9. g5 hxg5 10. Bxg5 Qc7 11. Be2 Nb6 12. h5 Bd7 13. Qd3 Nc6 14. a3 Rc8 15.
Nxc6 Qxc6 16. f4 Nc4 17. Rb1 b5 18. Rg3 Qb6 19. Nd1 Qb7 20. Bf3 Bc6 21. Nc3 Rc7
22. Nd5 Bxd5 23. exd5 e5 24. f5 f6 25. Bc1 e4 26. Qe2 Qxd5 27. Bxe4 Qe5 28. Bf4
Qe7 29. a4 bxa4 30. Rc3 Ne5 31. Qxa6 Rxc3 32. Qxa4+ Qd7 33. Qxd7+ Nxd7 34. bxc3
Rxh5 35. Kf2 d5 36. Bd3 Nc5 37. Rb8+ Ke7 38. Bb5 Rxf5 39. Ke3 g5 40. Re8+ Kf7
41. Rxf8+ Kxf8 42. Bd6+ Kg7 43. Bxc5 g4 44. Be2 Re5+ 45. Kf2 g3+ 46. Kf3 Rg5
47. Bf1 Kf7 48. Bd6 Rg8 49. Bxg3 Rc8 50. Be1 Ke6 51. Bh3+ f5 52. Kf4 Rf8 53.
Bf2 Kd6 54. Bxf5 Re8 55. Bb6 Kc6 56. Ba5 Rh8 57. Bb4 Kb5 58. Be7 Rh6 59. Ke5
Rh5 60. Ke6 Ka4 61. Bd3 Ka5 62. Bc5 Rh6+ 63. Kxd5 Rh5+ 64. Kc6 Rg5 65. Bd6 Rh5
66. c4 Ka6 67. c5+ Ka7 68. Kd7 1-0

[Event "3. Copenhagen Open Politiken Cup"]
[Site "Brndby"]
[Date "1981.??.??"]
[Round "4"]
[White "Poulsen, Allan"]
[Black "Jahr, Ulrich"]
[Result "1/2-1/2"]
[WhiteElo "2400"]
[BlackElo "2230"]
[PlyCount "83"]
[EventDate "1981.??.??"]
[EventType "swiss"]
[EventRounds "10"]
[EventCountry "DEN"]
[SourceDate "2004.01.01"]

1. c4 f5 2. Nc3 Nf6 3. d4 g6 4. g3 Bg7 5. Bg2 O-O 6. Nf3 d6 7. d5 c6 8. Nd4 Qb6
9. e3 e5 10. dxe6 Na6 11. O-O Nc5 12. b3 Rd8 13. e7 Re8 14. Ba3 Qc7 15. Ndb5
cxb5 16. Nxb5 Qxe7 17. Qxd6 Qxd6 18. Nxd6 Nce4 19. Nxe8 Nxe8 20. Rad1 Be6 21.
f3 Nc3 22. Rd2 b5 23. cxb5 Nxb5 24. f4 Rc8 25. Rc1 Nc3 26. Rdc2 Rc7 27. Bf1 Kf7
28. Bb4 Nd5 29. Bc4 Rb7 30. Ba5 Nxe3 31. Bxe6+ Kxe6 32. Re2 Kf7 33. Rxe3 Bd4
34. Rce1 Nf6 35. Kg2 Bxe3 36. Rxe3 Ne4 37. Rd3 Ke6 38. Kf3 Rb8 39. Rd8 Rxd8 40.
Bxd8 Nc3 41. Ke3 Nxa2 42. Kd4 1/2-1/2

[Event "3. Copenhagen Open Politiken Cup"]
[Site "Brndby"]
[Date "1981.??.??"]
[Round "4"]
[White "Reinert, Mads"]
[Black "Bjerring, Kai"]
[Result "1/2-1/2"]
[WhiteElo "2215"]
[BlackElo "2325"]
[PlyCount "110"]
[EventDate "1981.??.??"]
[EventType "swiss"]
[EventRounds "10"]
[EventCountry "DEN"]
[SourceDate "2004.01.01"]

1. e4 Nf6 2. e5 Nd5 3. d4 d6 4. Nf3 Bg4 5. Be2 Nb6 6. O-O Nc6 7. exd6 exd6 8.
d5 Bxf3 9. gxf3 Ne5 10. f4 Ned7 11. c4 Be7 12. Kh1 Nf6 13. Nc3 O-O 14. b3 Qd7
15. Rg1 Rfe8 16. Bb2 Qf5 17. Qd4 c5 18. Qd2 Bf8 19. Bd3 Qh5 20. Qd1 Qxd1 21.
Raxd1 a6 22. f3 Nbd7 23. Ne4 Nh5 24. f5 Be7 25. Rd2 Ndf6 26. Rdg2 Nxe4 27. Bxe4
g6 28. fxg6 hxg6 29. Rxg6+ fxg6 30. Bxg6 Rf8 31. Bxh5+ Kh7 32. Bg6+ Kh6 33.
Bc1+ Kg7 34. Be4+ Kh8 35. Rg6 Bf6 36. h4 Rf7 37. h5 Be5 38. h6 Rg8 39. Rxg8+
Kxg8 40. Kg2 b5 41. Kh3 bxc4 42. bxc4 Rf4 43. Bxf4 Bxf4 44. h7+ Kg7 45. Kg4 Be5
46. Kh3 Kf7 47. Kg2 Ke7 48. Bf5 a5 49. Kf2 Bh8 50. Ke3 Kd8 51. Be6 Bd4+ 52. Kd3
Bh8 53. f4 Bg7 54. Kc2 Bh8 55. Kb3 Kc7 1/2-1/2

[Event "3. Copenhagen Open Politiken Cup"]
[Site "Brndby"]
[Date "1981.??.??"]
[Round "4"]
[White "Roos, Louis"]
[Black "Jensen, Allan Astrup"]
[Result "1/2-1/2"]
[WhiteElo "2375"]
[BlackElo "2225"]
[PlyCount "92"]
[EventDate "1981.??.??"]
[EventType "swiss"]
[EventRounds "10"]
[EventCountry "DEN"]
[SourceDate "2004.01.01"]

1. e4 e5 2. Nf3 Nc6 3. Bb5 a6 4. Ba4 Nf6 5. O-O Nxe4 6. d4 b5 7. Bb3 d5 8. dxe5
Be6 9. c3 Be7 10. Nbd2 O-O 11. Qe2 Nc5 12. Nd4 Qd7 13. Bc2 Rae8 14. Nxc6 Qxc6
15. f4 f5 16. Nf3 Ne4 17. Be3 Qd7 18. Rfd1 c5 19. a4 Ra8 20. Bd3 bxa4 21. Bc2
Qb5 22. c4 dxc4 23. Bxa4 Qb6 24. Qc2 Rfd8 25. Nd2 Rd3 26. Nxc4 Rxd1+ 27. Rxd1
Qb4 28. Nd6 Nxd6 29. Bxc5 Qxf4 30. Bxd6 Rc8 31. Bc6 Qe3+ 32. Kh1 Kf8 33. Qa4
Qe2 34. Bf3 Qxb2 35. Qxa6 Rc1 36. Qa8+ Bc8 37. Qd5 Rxd1+ 38. Qxd1 Qb6 39. h3
Ke8 40. Qd5 Bxd6 41. exd6 Qe3 42. Qc4 Be6 43. Bc6+ Kf7 44. Qh4 h6 45. Qe7+ Kg8
46. h4 f4 1/2-1/2

[Event "3. Copenhagen Open Politiken Cup"]
[Site "Brndby"]
[Date "1981.??.??"]
[Round "4"]
[White "Rosenlund, Thorbjorn"]
[Black "Hoi, Carsten"]
[Result "1/2-1/2"]
[WhiteElo "2305"]
[BlackElo "2425"]
[PlyCount "83"]
[EventDate "1981.??.??"]
[EventType "swiss"]
[EventRounds "10"]
[EventCountry "DEN"]
[SourceDate "2004.01.01"]

1. d4 Nf6 2. Nf3 g6 3. Bf4 Bg7 4. e3 O-O 5. Be2 d6 6. h3 Nbd7 7. O-O Qe8 8. c4
e5 9. Bh2 Qe7 10. Nc3 c6 11. b4 Rd8 12. Qb3 e4 13. Nd2 Nb6 14. b5 c5 15. Rad1
cxd4 16. exd4 Bf5 17. Bf4 h5 18. Rfe1 Nbd7 19. Bf3 Nf8 20. Ndxe4 Bxe4 21. Bxe4
Re8 22. Bg5 Qd7 23. Bxf6 Bxf6 24. Nd5 Bg7 25. Qf3 Rac8 26. Ne3 Ne6 27. Bxb7
Nxd4 28. Rxd4 Bxd4 29. Bxc8 Qxc8 30. Qd5 Qc5 31. Qxc5 Bxc5 32. Kf1 Re4 33. Rd1
Bxe3 34. fxe3 Rxc4 35. Rxd6 Rb4 36. Ra6 Rxb5 37. Rxa7 Rb2 38. a4 h4 39. Ra5 Ra2
40. Ra8+ Kg7 41. a5 Kh7 42. a6 1/2-1/2

[Event "3. Copenhagen Open Politiken Cup"]
[Site "Brndby"]
[Date "1981.??.??"]
[Round "4"]
[White "Schneider, Lars Ake"]
[Black "Berg, Klaus"]
[Result "1-0"]
[WhiteElo "2410"]
[BlackElo "2305"]
[PlyCount "71"]
[EventDate "1981.??.??"]
[EventType "swiss"]
[EventRounds "10"]
[EventCountry "DEN"]
[SourceDate "2004.01.01"]

1. b3 e6 2. Bb2 b6 3. e3 Bb7 4. f4 Nf6 5. Nf3 c5 6. Be2 Nc6 7. O-O Be7 8. Qe1
O-O 9. d3 Nd5 10. Bd1 Bf6 11. c3 e5 12. fxe5 Nxe5 13. Nxe5 Bxe5 14. d4 cxd4 15.
cxd4 Bc7 16. Bf3 Qg5 17. Nc3 Rae8 18. h4 Qg6 19. Bxd5 Qd6 20. Rf5 Qh2+ 21. Kf1
Ba6+ 22. Bc4 Bxc4+ 23. bxc4 Bg3 24. Qd2 g6 25. Rg5 Bxh4 26. Rg4 f5 27. Rxh4
Qxh4 28. Nd5 g5 29. Qf2 Qe4 30. Kg1 f4 31. exf4 gxf4 32. Rf1 Re6 33. Qh4 Qc2
34. Ba3 d6 35. Rxf4 Rxf4 36. Nxf4 1-0

[Event "3. Copenhagen Open Politiken Cup"]
[Site "Brndby"]
[Date "1981.??.??"]
[Round "4"]
[White "Spassov, Liuben"]
[Black "Sahl, Bjarke"]
[Result "0-1"]
[WhiteElo "2460"]
[BlackElo "2345"]
[PlyCount "110"]
[EventDate "1981.??.??"]
[EventType "swiss"]
[EventRounds "10"]
[EventCountry "DEN"]
[SourceDate "2004.01.01"]

1. Nf3 Nf6 2. c4 c6 3. d4 d5 4. Nc3 dxc4 5. a4 Bg4 6. Ne5 Bh5 7. g3 a5 8. Bg2
e6 9. O-O Be7 10. h3 Na6 11. Nxc4 Nb4 12. Ne5 Nd7 13. Nd3 f6 14. Kh1 Bf7 15. f4
O-O 16. Be3 Nb6 17. Bg1 Qc7 18. Ne1 Rad8 19. Rc1 Rd7 20. Ne4 Re8 21. Nc5 Rdd8
22. Ned3 N6d5 23. e4 Nxd3 24. Nxd3 Nb4 25. Nxb4 Bxb4 26. Qc2 Qe7 27. Rcd1 Rd7
28. Be3 Red8 29. Bf3 Bg6 30. Kh2 f5 31. e5 Qe8 32. Qe2 h6 33. Kh1 Kh8 34. Rg1
Qf7 35. Rdf1 Qe8 36. Rg2 Bh7 37. Rfg1 Bg6 38. Kh2 Bh7 39. g4 Bg6 40. gxf5 Bxf5
41. Bh5 Qf8 42. Bg6 Bxg6 43. Rxg6 c5 44. d5 exd5 45. e6 Rc7 46. f5 Qxf5 47.
Bxh6 Re8 48. Bxg7+ Rxg7 49. Rxg7 Rxe6 50. Qg2 Qf4+ 51. Kh1 Qe4 52. Rxb7 c4 53.
Rd1 d4 54. Rc7 d3 55. Qxe4 Rxe4 0-1

[Event "3. Copenhagen Open Politiken Cup"]
[Site "Brndby"]
[Date "1981.??.??"]
[Round "4"]
[White "Taulbut, Shaun M"]
[Black "Carlsson, Mats"]
[Result "1-0"]
[WhiteElo "2380"]
[BlackElo "2255"]
[PlyCount "121"]
[EventDate "1981.??.??"]
[EventType "swiss"]
[EventRounds "10"]
[EventCountry "DEN"]
[SourceDate "2004.01.01"]

1. e4 d6 2. d4 Nf6 3. Nc3 g6 4. Nf3 Bg7 5. Be2 O-O 6. O-O Bg4 7. Be3 Nc6 8. Qd2
e5 9. dxe5 Nxe5 10. Nxe5 dxe5 11. Bc4 Qxd2 12. Bxd2 Rfe8 13. Bb3 Rad8 14. Bg5
Be6 15. Rfd1 Rd4 16. Be3 Rxd1+ 17. Rxd1 Bxb3 18. axb3 a6 19. f3 Re7 20. Rd8+
Re8 21. Rd3 Re7 22. Na4 b6 23. Nc3 h6 24. g4 Re6 25. Rd8+ Re8 26. Rd3 Bf8 27.
Kf1 Kg7 28. Ke2 Bb4 29. Nd5 Nxd5 30. Rxd5 Re6 31. c3 Bd6 32. b4 h5 33. Rd1 hxg4
34. fxg4 b5 35. h4 Re8 36. h5 gxh5 37. gxh5 Kh7 38. Rf1 Kg7 39. h6+ Kg6 40.
Rg1+ Kf6 41. Kf3 Rh8 42. Kg4 Rg8+ 43. Kh5 Rxg1 44. Bxg1 Bf8 45. Be3 Ke6 46. Bc5
Bxh6 47. Kxh6 f5 48. Kg5 fxe4 49. Be3 Kd5 50. b3 c5 51. Bxc5 a5 52. Be3 a4 53.
c4+ bxc4 54. bxa4 c3 55. b5 Kc4 56. b6 Kd3 57. b7 Kxe3 58. b8=Q c2 59. Qb3+ Kd2
60. Qd5+ Ke3 61. Qxe5 1-0

[Event "3. Copenhagen Open Politiken Cup"]
[Site "Brndby"]
[Date "1981.??.??"]
[Round "4"]
[White "Velikov, Petar"]
[Black "Ravikumar, Vaidyanathan"]
[Result "1-0"]
[WhiteElo "2445"]
[BlackElo "2325"]
[PlyCount "73"]
[EventDate "1981.??.??"]
[EventType "swiss"]
[EventRounds "10"]
[EventCountry "DEN"]
[SourceDate "2004.01.01"]

1. c4 Nf6 2. Nc3 g6 3. g3 Bg7 4. Bg2 O-O 5. e3 d6 6. Nge2 Nc6 7. Rb1 e5 8. d3
Be6 9. Nd5 Ne8 10. b4 Qd7 11. b5 Nd8 12. O-O Bh3 13. Bxh3 Qxh3 14. f4 c6 15.
Ndc3 Nf6 16. Rf2 Ne6 17. Rg2 Rfe8 18. Kh1 Rad8 19. Ng1 Qg4 20. Qc2 Qh5 21. h3
exf4 22. gxf4 d5 23. bxc6 bxc6 24. cxd5 cxd5 25. Nce2 d4 26. Nxd4 Nxd4 27. exd4
Re1 28. Kh2 Nd5 29. Rg5 Qh6 30. Qf2 Rxc1 31. Rxc1 Bf8 32. Ne2 f6 33. Rxd5 Rxd5
34. Rc7 Ra5 35. Qe3 Qh4 36. Kg2 Qh5 37. Qe6+ 1-0

[Event "3. Copenhagen Open Politiken Cup"]
[Site "Brndby"]
[Date "1981.??.??"]
[Round "4"]
[White "Wedberg, Tom"]
[Black "Krahenbuhl, Gerhard"]
[Result "1/2-1/2"]
[WhiteElo "2420"]
[BlackElo "2305"]
[PlyCount "81"]
[EventDate "1981.??.??"]
[EventType "swiss"]
[EventRounds "10"]
[EventCountry "DEN"]
[SourceDate "2004.01.01"]

1. e4 c5 2. Nf3 d6 3. d4 cxd4 4. Nxd4 Nf6 5. Nc3 g6 6. Bc4 Bg7 7. h3 O-O 8. Bb3
Bd7 9. O-O Na6 10. Re1 Qb8 11. Bg5 Re8 12. Nd5 Nc5 13. f3 Nxd5 14. exd5 Nxb3
15. axb3 Qc7 16. c4 e5 17. dxe6 fxe6 18. Qd2 d5 19. Rac1 e5 20. Ne2 d4 21. Ng3
b6 22. b4 a5 23. Ne4 Re6 24. b5 Qb8 25. Qd3 h6 26. Bh4 Ra7 27. Bg3 Qe8 28. Re2
Rc7 29. Rce1 Kh8 30. f4 exf4 31. Bxf4 Ra7 32. Nd6 Rxe2 33. Rxe2 Qf8 34. Bg3 Bf5
35. Nxf5 Qxf5 36. Qxf5 gxf5 37. Be5 d3 38. Bxg7+ Kxg7 39. Rd2 Rd7 40. Kf2 f4
41. Kf3 1/2-1/2

[Event "3. Copenhagen Open Politiken Cup"]
[Site "Brndby"]
[Date "1981.??.??"]
[Round "4"]
[White "Welin, Thomas"]
[Black "Carlsson, Gerner"]
[Result "1/2-1/2"]
[WhiteElo "2290"]
[BlackElo "2205"]
[PlyCount "83"]
[EventDate "1981.??.??"]
[EventType "swiss"]
[EventRounds "10"]
[EventCountry "DEN"]
[SourceDate "2004.01.01"]

1. c4 e6 2. Nf3 d5 3. b3 c5 4. e3 Nf6 5. Bb2 Nc6 6. cxd5 exd5 7. Be2 Be7 8. O-O
O-O 9. d4 Be6 10. dxc5 Bxc5 11. Nc3 Qe7 12. Rc1 Rfd8 13. Nb5 Ne4 14. Nbd4 Nxd4
15. Nxd4 Rac8 16. Qd3 Ba3 17. Rxc8 Rxc8 18. Ba1 Nc5 19. Qd1 Ne4 20. Nb5 Bc5 21.
Qd3 a6 22. Nd4 Bd6 23. Nf3 Bb4 24. Nd4 Bc3 25. Nxe6 Qxe6 26. Bf3 Bxa1 27. Rxa1
h6 28. Rd1 Nc3 29. Rf1 Nxa2 30. Qxd5 Qxd5 31. Bxd5 b5 32. Bb7 Rc3 33. Rb1 Nb4
34. Be4 Kf8 35. Kf1 Ke7 36. Ke2 Ke6 37. Kd2 Rc7 38. g4 Ke5 39. f3 h5 40. g5 f5
41. gxf6 gxf6 42. Rg1 1/2-1/2

[Event "3. Copenhagen Open Politiken Cup"]
[Site "Brndby"]
[Date "1981.??.??"]
[Round "4"]
[White "Wicker, Kevin J"]
[Black "Tjarnemo, Hakan"]
[Result "1-0"]
[WhiteElo "2305"]
[BlackElo "2235"]
[PlyCount "82"]
[EventDate "1981.??.??"]
[EventType "swiss"]
[EventRounds "10"]
[EventCountry "DEN"]
[SourceDate "2004.01.01"]

1. d4 Nf6 2. Nf3 g6 3. Bf4 Bg7 4. e3 O-O 5. h3 d6 6. Nbd2 Nbd7 7. Be2 Re8 8. c3
e5 9. Bg3 Qe7 10. Qc2 exd4 11. cxd4 Nb6 12. Rc1 Bf5 13. Qb3 Ne4 14. Nxe4 Bxe4
15. O-O c6 16. a4 Bd5 17. Qa3 Rad8 18. Bh4 Bf6 19. Bxf6 Qxf6 20. b4 a6 21. Rc3
Qe6 22. Nd2 f5 23. Re1 Qf6 24. Bf3 Re7 25. b5 Bxf3 26. Nxf3 Nd5 27. Rcc1 axb5
28. axb5 Rc8 29. bxc6 bxc6 30. Rxc6 Rxc6 31. Qa8+ Kg7 32. Qxc6 Nc7 33. Rb1 h6
34. Rb7 Ne8 35. Rb8 Kf7 36. Qc4+ Kg7 37. d5 g5 38. Nd4 Kg6 39. Qd3 Ng7 40. g4
Re5 41. Nc6 Re8 1-0

[Event "3. Copenhagen Open Politiken Cup"]
[Site "Brndby"]
[Date "1981.??.??"]
[Round "4"]
[White "Akesson, Ralf"]
[Black "Toth, Peter"]
[Result "1-0"]
[WhiteElo "2305"]
[BlackElo "2270"]
[PlyCount "93"]
[EventDate "1981.??.??"]
[EventType "swiss"]
[EventRounds "10"]
[EventCountry "DEN"]
[SourceDate "2004.01.01"]

1. Nf3 c5 2. c4 Nf6 3. Nc3 Nc6 4. d4 cxd4 5. Nxd4 Qb6 6. Nb3 e6 7. g3 d6 8. Bg2
a6 9. Be3 Qd8 10. Rc1 Be7 11. h3 O-O 12. O-O Nd7 13. Qd2 Nce5 14. Ne4 Nf6 15.
Nxf6+ Bxf6 16. Rfd1 Be7 17. Bf4 Qc7 18. Qd4 f6 19. Be3 Nd7 20. Qd2 Re8 21. Nd4
Nb8 22. b4 Bf8 23. a4 Nd7 24. c5 Ne5 25. cxd6 Qxd6 26. Qa2 Qxb4 27. Rc7 Rb8 28.
f4 Nf7 29. f5 Ne5 30. fxe6 Kh8 31. Rdc1 Bd6 32. R7c2 Qa3 33. Qxa3 Bxa3 34. Ra1
Bf8 35. Bd5 b6 36. Rc7 Bc5 37. Rb1 h6 38. a5 Bxe6 39. Bxe6 Rxe6 40. Nxe6 Bxe3+
41. Kg2 b5 42. Nxg7 Bd2 43. Nh5 Bxa5 44. Ra7 Rb6 45. Rf1 Nc6 46. Ra8+ Nb8 47.
Rxf6 1-0

[Event "3. Copenhagen Open Politiken Cup"]
[Site "Brndby"]
[Date "1981.??.??"]
[Round "5"]
[White "Anbuhl, Edgar"]
[Black "Welin, Thomas"]
[Result "0-1"]
[WhiteElo "2230"]
[BlackElo "2290"]
[PlyCount "72"]
[EventDate "1981.??.??"]
[EventType "swiss"]
[EventRounds "10"]
[EventCountry "DEN"]
[SourceDate "2004.01.01"]

1. e4 c5 2. c3 Nf6 3. e5 Nd5 4. d4 cxd4 5. cxd4 e6 6. Nf3 b6 7. Nc3 Bb7 8. Bd3
Be7 9. O-O Nxc3 10. bxc3 O-O 11. Qc2 Bxf3 12. gxf3 Kh8 13. Kh1 g6 14. Bh6 Rg8
15. Rg1 Nc6 16. Rg3 Rc8 17. Qe2 Na5 18. Bd2 d6 19. Rag1 dxe5 20. Qxe5+ Bf6 21.
Qf4 Nc4 22. Bc1 Nd6 23. Rh3 Rg7 24. Bb2 Nf5 25. Be4 Qd6 26. Qd2 Qd7 27. Rd1 Nd6
28. Qf4 Nf5 29. Qd2 b5 30. Qe2 a6 31. a4 Nd6 32. axb5 axb5 33. Rg3 Rgg8 34.
Rgg1 Rge8 35. Qd3 Bg7 36. Ra1 f5 0-1

[Event "3. Copenhagen Open Politiken Cup"]
[Site "Brndby"]
[Date "1981.??.??"]
[Round "5"]
[White "Berg, Klaus"]
[Black "Hansen, Curt"]
[Result "1/2-1/2"]
[WhiteElo "2305"]
[BlackElo "2330"]
[PlyCount "81"]
[EventDate "1981.??.??"]
[EventType "swiss"]
[EventRounds "10"]
[EventCountry "DEN"]
[SourceDate "2004.01.01"]

1. Nf3 Nf6 2. c4 c5 3. Nc3 Nc6 4. d4 cxd4 5. Nxd4 e6 6. g3 Bc5 7. e3 O-O 8. Bg2
d5 9. cxd5 exd5 10. O-O Bg4 11. Nxc6 bxc6 12. Qc2 Bb6 13. Na4 Qd6 14. a3 c5 15.
b4 cxb4 16. axb4 Rfc8 17. Qd2 Bd8 18. e4 Be7 19. exd5 Bd7 20. Nc5 Bb5 21. Re1
a5 22. Rxe7 axb4 23. Rxa8 Rxa8 24. Qe3 Ng4 25. Nb7 Qf6 26. Qc5 b3 27. Rc7 Re8
28. Rc8 b2 29. Rxe8+ Bxe8 30. Bxb2 Qxb2 31. Nd6 Bd7 32. h3 Qb1+ 33. Bf1 Ne5 34.
Qa3 h5 35. Qa8+ Kh7 36. Qb7 Qe1 37. Nxf7 Nf3+ 38. Kg2 Bxh3+ 39. Kxf3 Bxf1 40.
Ng5+ Kg6 41. Ne4 1/2-1/2